Leverkusen players (2000-2010) - Statistics

General Stats
  • This quiz has been taken 3 times
  • The average score is 35 of 99
Answer Stats
Rank Player Positions Nationality Matches Goals (assists) Period % Correct
5 Dimitar Berbatov ST 154 69 (32) 2000-2006
100%
52 Ahmed Madouni CB 29 3 (2) 2005-2007
50%
17 Andriy Voronin CF 92 32 (16) 2004-2007
50%
65 Angelos Charisteas ST 13 1 (0) 2008-2009
50%
19 Arturo Vidal CM 84 5 (9) 2007-2010
50%
93 Assimiou Touré CB 2 0 (0) 2006-2007, 2009-2010
50%
50 Athirson LB 30 2 (7) 2005-2007
50%
78 Benedikt Fernandez GK 6 0 (0) 2006-2009
50%
1 Bernd Schneider RM 231 32 (59) 2000-2009
50%
2 Carsten Ramelow DM 200 12 (12) 2000-2008
50%
39 Clemens Fritz RB 43 2 (2) 2003-2004, 2005-2006
50%
71 Constant Djakpa LB 9 0 (1) 2008-2009
50%
54 Daniel Schwaab CB 27 0 (1) 2009-2010
50%
72 Danko Lazovic CF 9 0 (1) 2005-2006
50%
12 Diego Placente LB 123 3 (7) 2000-2005
50%
64 Dmitriy Bulykin ST 15 2 (2) 2007-2009
50%
46 Eren Derdiyok ST 33 12 (6) 2009-2010
50%
23 França ST 71 21 (15) 2002-2005
50%
74 Frank Juric GK 7 0 (0) 2000-2001, 2002-2003
50%
53 Fredrik Stenman CB 28 0 (2) 2005-2007
50%
6 Gonzalo Castro CM 149 7 (16) 2004-2010
50%
3 Hans Jörg Butt GK 191 7 (0) 2001-2007
50%
42 Hans Sarpei LB 42 0 (2) 2007-2010
50%
55 Henrique CB 27 0 (1) 2008-2009
50%
33 Jacek Krzynowek LM 52 9 (12) 2004-2006
50%
44 Jan-Ingwer Callsen-Bracker CB 36 2 (0) 2003-2008
50%
59 Jan Simak AM 22 3 (1) 2002-2003
50%
14 Jens Nowotny DF 110 2 (4) 2000-2006
50%
81 Jermaine Jones DM 5 0 (0) 2004-2005
50%
97 Josip Tadic ST 1 0 (0) 2005-2006
50%
9 Juan CB 139 10 (7) 2002-2007
50%
38 Jurica Vranjes DM 45 0 (2) 2000-2003
50%
27 Karim Haggui CB 59 3 (2) 2006-2009
50%
79 Kenan Sahin ST 6 0 (0) 2003-2005
50%
75 Landon Donovan ST 7 0 (1) 2004-2005
50%
18 Lúcio CB 92 15 (2) 2000-2004
50%
7 Marko Babic LM 144 13 (21) 2000-2007
50%
29 Michael Ballack CM 56 24 (14) 2000-2002
50%
32 Michal Kadlec CB 53 4 (3) 2008-2010
50%
61 Michal Papadopulos ST 19 0 (0) 2005-2008
50%
51 Pascal Ojigwe DM 30 0 (0) 2000-2003
50%
66 Pascal Zuberbühler GK 13 0 (0) 2000-2001
50%
36 Patrick Helmes ST 46 23 (5) 2008-2010
50%
13 Paul Freier RM 112 17 (27) 2004-2008
50%
84 Pierre De Wit CM 4 0 (0) 2006-2007
50%
37 Pirmin Schwegler DM 46 0 (2) 2006-2009
50%
67 Radoslaw Kaluzny DM 12 0 (0) 2002-2005
50%
34 Renato Augusto CM 50 2 (12) 2008-2010
50%
15 René Adler GK 106 0 (1) 2006-2010
50%
95 Ricardo Faty DM 2 0 (0) 2007-2008
50%
49 Robert Kovac CB 31 0 (1) 2000-2001
50%
30 Robson Ponté AM 55 4 (17) 2000-2001, 2003-2005
50%
45 Roque Júnior CB 35 0 (1) 2004-2007
50%
47 Sami Hyypiä CB 32 2 (2) 2009-2010
50%
40 Sascha Dum LM 43 0 (2) 2004-2006, 2007-2009
50%
26 Sergej Barbarez CF 61 11 (12) 2006-2008
50%
11 Stefan Kießling ST 130 50 (24) 2006-2010
50%
56 Stefan Reinartz DM 27 2 (2) 2009-2010
50%
69 Teddy Lucic CB 11 0 (0) 2003-2004
50%
98 Thanos Petsos DM 1 0 (0) 2009-2010
50%
35 Theofanis Gekas ST 50 13 (3) 2007-2010
50%
41 Toni Kroos CM 43 10 (13) 2008-2010
50%
4 Tranquillo Barnetta AM 156 21 (35) 2005-2010
50%
25 Ulf Kirsten ST 64 23 (9) 2000-2003
50%
57 Vratislav Gresko LB 27 0 (4) 2000-2001, 2007-2008
50%
22 Yıldıray Baştürk AM 73 8 (12) 2001-2004
50%
31 Zé Roberto LM 54 6 (21) 2000-2002
50%
48 Zoltan Sebescen RB 32 3 (4) 2001-2003
50%
63 Adam Matysek GK 15 0 (0) 2000-2001
0%
73 Andreas Neuendorf CM 7 0 (0) 2000-2001
0%
86 Anel Dzaka AM 3 0 (0) 2000-2003
0%
20 Boris Zivkovic RB 83 3 (3) 2000-2003
0%
82 Burak Kaplan AM 4 2 (2) 2009-2010
0%
83 Christoph Preuß DM 4 0 (0) 2002-2003
0%
94 Cris CB 2 0 (1) 2002-2003
0%
21 Daniel Bierofka LM 78 12 (3) 2002-2005
0%
87 Fabian Giefer GK 3 0 (0) 2009-2010
0%
88 Frankie Hejduk RB 3 0 (0) 2000-2001
0%
24 Hanno Balitsch DM 64 3 (0) 2002-2005
0%
89 Ingo Hertzsch CB 3 0 (0) 2003-2004
0%
96 Ioannis Masmanidis AM 1 0 (0) 2003-2004
0%
90 Jens Hegeler CM 3 0 (0) 2007-2009
0%
62 Jörg Reeb DM 17 0 (1) 2000-2001
0%
60 Lars Bender DM 20 1 (0) 2009-2010
0%
43 Lukas Sinkiewicz DM 39 2 (0) 2007-2010
0%
16 Manuel Friedrich CB 93 10 (3) 2007-2010
0%
91 Marcel Risse RM 3 0 (0) 2007-2008
0%
92 Markus Daun ST 3 0 (0) 2000-2001
0%
10 Oliver Neuville ST 132 38 (22) 2000-2004
0%
58 Paulo Rink ST 26 5 (6) 2000-2002
0%
85 Richard Sukuta-Pasu ST 4 0 (0) 2008-2009
0%
76 Sebastian Schoof ST 7 2 (0) 2002-2003
0%
77 Sezer Öztürk AM 7 0 (0) 2004-2005
0%
8 Simon Rolfes DM 144 25 (14) 2005-2010
0%
28 Thomas Brdaric ST 58 8 (8) 2000-2003
0%
70 Thomas Kleine CB 10 0 (0) 2001-2003
0%
99 Thorsten Wittek AM 1 0 (0) 2001-2002
0%
68 Tomasz Zdebel DM 12 0 (0) 2008-2010
0%
80 Torben Hoffmann CB 6 0 (0) 2000-2001
0%
No matching quizzes found
Score Distribution
Percent of People with Each Score
Percentile by Number Answered
Your Score History
You have not taken this quiz